Estudio de recuperación de vanadio y níquel en un crudo pesado y en su fracción de asfaltenos y maltenos por ICP-OES (Registro nro. 683084)
[ vista simple ]
| 001 - NÚMERO DE CONTROL | |
|---|---|
| campo de control | 1371465 |
| 005 - FECHA Y HORA DE LA ÚLTIMA TRANSACCIÓN | |
| campo de control | 20240924091227.0 |
| 008 - DATOS DE LONGITUD FIJA--INFORMACIÓN GENERAL | |
| campo de control de longitud fija | 140521e20120105 spa |
| 035 ## - NÚMERO DE CONTROL DEL SISTEMA | |
| Número de control de sistema | 1371465 |
| 040 ## - FUENTE DE LA CATALOGACIÓN | |
| Centro/agencia transcriptor | comduadb |
| 041 ## - CÓDIGO DE LENGUA | |
| Código de lengua del texto/banda sonora o título independiente | spa |
| 100 10 - ENTRADA PRINCIPAL--NOMBRE DE PERSONA | |
| Nombre de persona | Campos, Gusdanis |
| Código de función | aut |
| Término indicativo de función/relación | Autor/a |
| 9 (RLIN) | 698859 |
| 245 10 - MENCIÓN DE TÍTULO | |
| Título | Estudio de recuperación de vanadio y níquel en un crudo pesado y en su fracción de asfaltenos y maltenos por ICP-OES |
| 500 ## - NOTA GENERAL | |
| Nota general | RESUMEN: Se evaluaron las posibles pérdidas de V y Ni durante el tratamiento aplicado a muestras de crudo, asfaltenos y maltenos, para su posterior análisis por espectrometría de emisión atómica con plasma inductivamente acoplado (ICP-OES). Las muestras se calcinaron y digirieron con ácido nítrico (HNO3) en recipientes de politerafluoroetileno (PTFE) colocados en una carcasa de acero inoxidable tipo autoclave. |
| 650 #7 - PUNTO DE ACCESO ADICIONAL DE MATERIA--TÉRMINO DE MATERIA | |
| Término de materia o nombre geográfico como elemento de entrada | Química analítica |
| Fuente del encabezamiento o término | lemb |
| 9 (RLIN) | 42679 |
| 650 ## - PUNTO DE ACCESO ADICIONAL DE MATERIA--TÉRMINO DE MATERIA | |
| Término de materia o nombre geográfico como elemento de entrada | Vanadio |
| 9 (RLIN) | 15620 |
| 650 ## - PUNTO DE ACCESO ADICIONAL DE MATERIA--TÉRMINO DE MATERIA | |
| Término de materia o nombre geográfico como elemento de entrada | Níquel |
| 9 (RLIN) | 15114 |
| 650 ## - PUNTO DE ACCESO ADICIONAL DE MATERIA--TÉRMINO DE MATERIA | |
| Término de materia o nombre geográfico como elemento de entrada | Asfáltenos |
| 9 (RLIN) | 74935 |
| 650 ## - PUNTO DE ACCESO ADICIONAL DE MATERIA--TÉRMINO DE MATERIA | |
| Término de materia o nombre geográfico como elemento de entrada | Crudo |
| 9 (RLIN) | 24563 |
| 700 10 - ENTRADA AGREGADA--NOMBRE PERSONAL | |
| Nombre de persona | Rivas, Edwin |
| Código de función | aut |
| Término indicativo de función/relación | Autor/a |
| 9 (RLIN) | 698860 |
| 700 10 - ENTRADA AGREGADA--NOMBRE PERSONAL | |
| Nombre de persona | Cáceres, Ana |
| Código de función | aut |
| Término indicativo de función/relación | Autor/a |
| 9 (RLIN) | 455358 |
| 700 10 - ENTRADA AGREGADA--NOMBRE PERSONAL | |
| Nombre de persona | Bravo, Bélgica |
| Código de función | aut |
| Término indicativo de función/relación | Autor/a |
| 9 (RLIN) | 591036 |
| 700 10 - ENTRADA AGREGADA--NOMBRE PERSONAL | |
| Nombre de persona | Acevedo, Sócrates |
| Código de función | aut |
| Término indicativo de función/relación | Autor/a |
| 9 (RLIN) | 554951 |
| 773 0# - ENLACE AL DOCUMENTO FUENTE/ENTRADA DE REGISTRO ANFITRIÓN | |
| Título | Ciencia (Maracaibo, Venezuela) |
| Parte(s) relacionada(s) | Vol. 20, No. 01, Ene.-Mar. 2012, 52-59 |
| Número de control del registro | 1285441 |
| Número Internacional Normalizado para Publicaciones Seriadas | 1315-2076 |
| Número bibliográfico anfitrión | 618358 |
| 942 ## - ELEMENTOS DE ENTRADA AGREGADA (KOHA) | |
| Tipo de ítem Koha | Artículo de Revista |
No hay ítems disponibles.